000 00905nam a2200205Ia 4500
008 0000001993 mX a 0000000000spa00
020 _a9686623108
090 _aPPR00 M27a
100 1 _aMerewether, Charles
245 1 0 _aArnaldo Roche
_b: los primeros diez años
_c/ curador y museógrafo Charles Merewether
300 _a[64] p.
_c/ 31 cm.
500 _aExposición realizada en el Museo de Arte Contemporáneo de Monterrey, Enero Mayo, 1993 \ Con el patronazgo del maestro venezolano Jesús Rafael Soto (q.e.p.d.) \ Registro auspiciado por el IDCT. Bogotá
600 0 0 _aROCHE, ARNALDO, 1955/
_xTRABAJOS PICTORICOS
650 1 4 _aARTE CONTEMPORANEO PUERTORRIQUEÑO
650 1 4 _xCATALOGOS
650 1 4 _xEXPOSICIONES
650 1 4 _aPINTORES PUERTORRIQUEÑOS
650 1 4 _aPINTURA PUERTORRIQUEÑA
999 _c3989
_d3989
260 _aMonterrey : Museo de Arte contemporáneo de Monterrey. Marco
_c1993